[Event "WchT Seniors 65"]
[Site "Struga"]
[Date "2023.09.28"]
[Round "9.2"]
[White "Eriksson, Magnus"]
[Black "Karppinen, Martti"]
[Result "1-0"]
[WhiteElo "1975"]
[BlackElo "1856"]
[PlyCount "63"]
[EventDate "2023.09.19"]
[EventType "team-swiss"]
[EventRounds "9"]
[EventCountry "MKD"]
[SourceTitle "CBM 216 Extra"]
[Source "ChessBase"]
[SourceDate "2023.11.30"]
[SourceVersion "1"]
[SourceVersionDate "2023.11.30"]
[SourceQuality "1"]
[WhiteTeam "Sweden 65"]
[BlackTeam "Finland 65 II"]
[WhiteTeamCountry "SWE"]
[BlackTeamCountry "FIN"]

1. d4 d5 2. c4 g6 3. cxd5 Qxd5 4. Nc3 Qd8 5. Nf3 Bg7 6. Bf4 Nf6 7. e3 0-0 8. Qb3 c6 9. Bc4 Qb6 10. Qa3 e6 11. 0-0 Nbd7 12. Bd6 Re8 13. e4 Bf8 14. Bxf8 Nxf8 15. Rad1 Qc7 16. e5 Nd5 17. Ne4 Nd7 18. Nfg5 f6 19. Nd6 fxg5 20. Nxe8 Qd8 21. Nd6 Nf4 22. Qf3 Qf8 23. Qg4 Qe7 24. h4 h6 25. Rfe1 c5 26. g3 h5 27. Qf3 Nh3+ 28. Kg2 cxd4 29. Qe4 g4 30. Qxg6+ Qg7 31. Bxe6+ Kf8 32. Qe8# 1-0

[Event "WchT Seniors 65"]
[Site "Struga"]
[Date "2023.09.21"]
[Round "3.3"]
[White "Kierzek, Mira"]
[Black "Eriksson, Magnus"]
[Result "0-1"]
[WhiteElo "1935"]
[BlackElo "1975"]
[PlyCount "90"]
[EventDate "2023.09.19"]
[EventType "team-swiss"]
[EventRounds "9"]
[EventCountry "MKD"]
[SourceTitle "CBM 216 Extra"]
[Source "ChessBase"]
[SourceDate "2023.11.30"]
[SourceVersion "1"]
[SourceVersionDate "2023.11.30"]
[SourceQuality "1"]
[WhiteTeam "Germany 65 (W)"]
[BlackTeam "Sweden 65"]
[WhiteTeamCountry "GER"]
[BlackTeamCountry "SWE"]

1. d4 Nf6 2. Nf3 e6 3. e3 d5 4. Bd3 Nbd7 5. 0-0 Be7 6. Nbd2 0-0 7. b3 b6 8. Bb2 Bb7 9. Rc1 Re8 10. c4 Ne4 11. cxd5 exd5 12. Qc2 Bd6 13. h3 Rc8 14. Qd1 Qe7 15. Rc2 Kh8 16. Qe2 f5 17. Rfc1 f4 18. Nf1 Rf8 19. exf4 Rxf4 20. Ne3 Rcf8 21. Ng4 Bc8 22. Ne3 Qf7 23. Ng4 Qh5 24. Rf1 Nb8 25. Ngh2 Bxh3 26. Bc1 Rg4 27. Nxg4 Bxg4 28. Ne5 Bxe5 29. dxe5 Bxe2 30. Rxe2 Qxe5 31. Bb2 Qf4 32. Re3 Nd2 33. Re7 d4 34. Bc1 Qd6 35. Rfe1 Nc6 36. Re8 Nb4 37. Bf5 g6 38. Rxf8+ Qxf8 39. Bd7 Qf4 40. Re8+ Kg7 41. Re7+ Kf6 42. Re6+ Kf7 43. Ba3 a5 44. Re2 Ne4 45. Bb2 d3 0-1

[Event "WchT Seniors 65"]
[Site "Struga"]
[Date "2023.09.19"]
[Round "1.2"]
[White "Eriksson, Magnus"]
[Black "Tuomala, Timo"]
[Result "0-1"]
[WhiteElo "1975"]
[BlackElo "2180"]
[PlyCount "38"]
[EventDate "2023.09.19"]
[EventType "team-swiss"]
[EventRounds "9"]
[EventCountry "MKD"]
[SourceTitle "CBM 216 Extra"]
[Source "ChessBase"]
[SourceDate "2023.11.30"]
[SourceVersion "1"]
[SourceVersionDate "2023.11.30"]
[SourceQuality "1"]
[WhiteTeam "Sweden 65"]
[BlackTeam "Finland 65"]
[WhiteTeamCountry "SWE"]
[BlackTeamCountry "FIN"]

1. d4 d5 2. c4 e6 3. Nc3 Be7 4. Nf3 Nf6 5. Bg5 0-0 6. e3 b6 7. Bxf6 Bxf6 8. cxd5 exd5 9. Rc1 Be6 10. Bd3 c5 11. e4 cxd4 12. Nb5 Nd7 13. Nbxd4 Bg4 14. Nc6 Qe8 15. Qe2 Nc5 16. e5 Qxc6 17. Bb5 Bxf3 18. gxf3 Nd3+ 19. Kd2 Bg5+ 0-1

[Event "EU-chT Seniors 50"]
[Site "Dresden"]
[Date "2022.11.01"]
[Round "6.3"]
[White "Eriksson, Magnus"]
[Black "Kuna, Ralf Michael"]
[Result "1/2-1/2"]
[WhiteElo "2020"]
[BlackElo "2105"]
[PlyCount "113"]
[EventDate "2022.10.27"]
[EventType "team-swiss"]
[EventRounds "9"]
[EventCountry "GER"]
[SourceTitle "EXT 2024"]
[Source "ChessBase"]
[SourceDate "2023.10.10"]
[SourceVersion "1"]
[SourceVersionDate "2023.10.10"]
[SourceQuality "1"]
[WhiteTeam "Sweden North 50"]
[BlackTeam "Magdeburg TU 50"]
[WhiteTeamCountry "SWE"]
[BlackTeamCountry "GER"]

1. d4 Nf6 2. c4 e6 3. Nf3 b6 4. Nc3 Bb7 5. Bg5 Bb4 6. e3 h6 7. Bh4 g5 8. Bg3 Ne4 9. Qc2 f5 10. Bd3 Bxc3+ 11. bxc3 Nxg3 12. fxg3 0-0 13. 0-0 Nc6 14. d5 Ne7 15. Nd4 c5 16. Ne2 Qc7 17. e4 Qe5 18. Rae1 fxe4 19. Rxf8+ Rxf8 20. Bxe4 exd5 21. cxd5 Qf6 22. Rd1 Bxd5 23. Bxd5+ Nxd5 24. Qb3 Qf2+ 25. Kh1 Qxe2 26. Qxd5+ Qe6 27. Qd3 Qf5 28. Qe2 d5 29. h3 Rf7 30. Re1 Qf6 31. Qd3 Qf5 32. Qe2 Qf6 33. Qd3 Qf5 34. Qe2 Kg7 35. Qe8 Qf6 36. Re5 Qd6 37. Re3 d4 38. Rd3 Qf6 39. Rf3 Qe7 40. Rxf7+ Qxf7 41. Qe5+ Qf6 42. Qc7+ Kg6 43. cxd4 cxd4 44. Qd7 h5 45. g4 h4 46. Qd5 Qf1+ 47. Kh2 Qf4+ 48. Kg1 Qc1+ 49. Kh2 Qe3 50. Qf5+ Kg7 51. Qd5 Kf6 52. Qd6+ Qe6 53. Qd8+ Kg6 54. Qxd4 Qf6 55. Qd5 Qf4+ 56. Kh1 Qc1+ 57. Kh2 1/2-1/2

[Event "SWE Cup"]
[Site "Sweden"]
[Date "2017.03.25"]
[Round "8.1"]
[White "Johansson, Carl Fredrik"]
[Black "Eriksson, Magnus"]
[Result "1-0"]
[WhiteElo "2173"]
[BlackElo "2033"]
[PlyCount "79"]
[EventDate "2017.01.14"]
[EventType "team-tourn"]
[EventRounds "9"]
[EventCountry "SWE"]
[SourceTitle "EXT 2018"]
[Source "ChessBase"]
[SourceDate "2017.10.13"]
[SourceVersion "1"]
[SourceVersionDate "2017.10.13"]
[SourceQuality "1"]
[WhiteTeam "Upsala"]
[BlackTeam "Horndal"]
[WhiteTeamCountry "SWE"]
[BlackTeamCountry "SWE"]

1. d4 Nf6 2. c4 Nc6 3. Nc3 e5 4. d5 Ne7 5. Nf3 Ng6 6. h4 h5 7. Bg5 Bc5 8. e3 c6 9. Bd3 d6 10. Qc2 Ne7 11. a3 Ng4 12. Bxe7 Qxe7 13. 0-0-0 Bb6 14. Be4 Bd7 15. Kb1 0-0 16. Qd2 f5 17. Bc2 f4 18. dxc6 fxe3 19. fxe3 Bxc6 20. Nd5 Bxd5 21. Qxd5+ Qf7 22. Qd3 Nf6 23. Ng5 Qe7 24. Ne4 Rad8 25. Rhf1 Bc7 26. Nxf6+ gxf6 27. Rf5 Rf7 28. Qd5 Kg7 29. Rxh5 Rh8 30. Rxh8 Kxh8 31. Qxb7 f5 32. Qf3 f4 33. Qh5+ Kg8 34. Be4 Rf6 35. Bd5+ Kg7 36. Qg5+ Kh7 37. exf4 exf4 38. Ka2 Bb6 39. g4 Be3 40. Qg8+ 1-0

[Event "SWE Cup"]
[Site "Sweden"]
[Date "2017.01.14"]
[Round "4.5"]
[White "Bergstrom, Rolf"]
[Black "Eriksson, Magnus"]
[Result "1-0"]
[WhiteElo "2290"]
[BlackElo "2033"]
[PlyCount "87"]
[EventDate "2017.01.14"]
[EventType "team-tourn"]
[EventRounds "9"]
[EventCountry "SWE"]
[SourceTitle "EXT 2018"]
[Source "ChessBase"]
[SourceDate "2017.10.13"]
[SourceVersion "1"]
[SourceVersionDate "2017.10.13"]
[SourceQuality "1"]
[WhiteTeam "Stockholm CC"]
[BlackTeam "Horndal"]
[WhiteTeamCountry "SWE"]
[BlackTeamCountry "SWE"]

1. e4 e6 2. d4 d5 3. e5 c5 4. c3 Nc6 5. g3 Nge7 6. Bh3 Nf5 7. Ne2 cxd4 8. cxd4 Qb6 9. Bxf5 exf5 10. Nbc3 Be6 11. h4 h6 12. Be3 Rd8 13. Na4 Qa5+ 14. Kf1 Qc7 15. Rc1 Be7 16. Kg2 0-0 17. h5 Rfe8 18. a3 Rb8 19. b4 Qd8 20. Qd2 Kh7 21. Nb2 a6 22. Nd3 Qb6 23. Nc5 Rbd8 24. Nf4 Bg5 25. Nfxe6 Bxe3 26. Nf8+ Kg8 27. Qxe3 Kxf8 28. Qf4 Kg8 29. Rcd1 Ne7 30. Rhe1 Qc7 31. Rc1 Qb8 32. Qf3 Nc6 33. Qd3 Rc8 34. Rcd1 Ne7 35. Re2 Rc6 36. Rde1 Qc8 37. e6 b6 38. exf7+ Kxf7 39. Ne6 Rc3 40. Qd2 Qc4 41. Nxg7 Kxg7 42. Rxe7+ Rxe7 43. Rxe7+ Kf8 44. Re6 1-0

[Event "Vellmar op-A 5th"]
[Site "Vellmar"]
[Date "2013.07.26"]
[Round "3"]
[White "Sieber, Fiona"]
[Black "Eriksson, Magnus"]
[Result "0-1"]
[WhiteElo "1868"]
[BlackElo "2060"]
[PlyCount "94"]
[EventDate "2013.07.25"]
[EventType "swiss"]
[EventRounds "7"]
[EventCountry "GER"]
[SourceTitle "EXT 2015"]
[Source "ChessBase"]
[SourceDate "2014.11.20"]
[SourceVersion "1"]
[SourceVersionDate "2014.11.20"]
[SourceQuality "1"]

1. e4 e6 2. d4 d5 3. Nc3 Bb4 4. e5 c5 5. a3 Bxc3+ 6. bxc3 Qa5 7. Bd2 Qa4 8. Nf3 Nc6 9. Bd3 c4 10. Be2 Bd7 11. 0-0 Nge7 12. Nh4 0-0-0 13. f4 Nf5 14. Nf3 h5 15. Ng5 Rdf8 16. Bxh5 f6 17. Nh3 Nce7 18. Bf3 Rh7 19. exf6 gxf6 20. Nf2 Nh4 21. Bg4 Rg8 22. g3 Nhf5 23. Nh1 Nd6 24. Bf3 f5 25. Rf2 Ne4 26. Rg2 Rhg7 27. Ra2 Qa5 28. Qe1 Qb6 29. Nf2 Ba4 30. Nh3 Ng6 31. Be3 Qa5 32. Bd2 Qb6 33. Kh1 Ne7 34. Ng5 Rh8 35. Qc1 Qd6 36. Ra1 Ng8 37. Bxe4 dxe4 38. Rb1 e3 39. Bxe3 Bc6 40. d5 Qxd5 41. Qf1 Nf6 42. Bd4 Ng4 43. h4 e5 44. fxe5 Rxg5 45. e6 Rxh4+ 46. Kg1 Rh7 47. Re1 Rgh5 0-1

[Event "Vellmar op-A 5th"]
[Site "Vellmar"]
[Date "2013.07.25"]
[Round "1"]
[White "Engel, Luis"]
[Black "Eriksson, Magnus"]
[Result "1/2-1/2"]
[WhiteElo "1765"]
[BlackElo "2060"]
[PlyCount "50"]
[EventDate "2013.07.25"]
[EventType "swiss"]
[EventRounds "7"]
[EventCountry "GER"]
[SourceTitle "EXT 2015"]
[Source "ChessBase"]
[SourceDate "2014.11.20"]
[SourceVersion "1"]
[SourceVersionDate "2014.11.20"]
[SourceQuality "1"]

1. e4 e6 2. d4 d5 3. Nd2 Nf6 4. e5 Nfd7 5. Bd3 c5 6. c3 Nc6 7. Ne2 cxd4 8. cxd4 f6 9. Nf4 Nxd4 10. Qh5+ Ke7 11. Ng6+ hxg6 12. exf6+ Nxf6 13. Qxh8 Kf7 14. Qh4 e5 15. Nf3 Nxf3+ 16. gxf3 Qb6 17. 0-0 Bf5 18. Bxf5 gxf5 19. Bg5 Rc8 20. Bxf6 gxf6 21. Qh7+ Ke6 22. Qg8+ Kd6 23. Qg6 Ke6 24. Qg8+ Kd6 25. Qg6 Ke6 1/2-1/2

[Event "SWE-chT2 1011"]
[Site "Sweden"]
[Date "2010.12.04"]
[Round "3"]
[White "Eriksson, Magnus"]
[Black "Danielsson, Dominik"]
[Result "0-1"]
[WhiteElo "2144"]
[BlackElo "1630"]
[PlyCount "114"]
[EventDate "2010.10.23"]
[EventType "team-tourn"]
[EventRounds "9"]
[EventCountry "SWE"]
[SourceTitle "EXT 2012"]
[Source "ChessBase"]
[SourceDate "2011.11.24"]
[SourceVersion "1"]
[SourceVersionDate "2011.11.24"]
[SourceQuality "1"]
[WhiteTeam "Horndal"]
[BlackTeam "Malmo"]
[WhiteTeamCountry "SWE"]
[BlackTeamCountry "SWE"]

1. d4 f5 2. g3 g6 3. Bg2 Bg7 4. c4 Nf6 5. Nc3 0-0 6. Nf3 d6 7. 0-0 c6 8. d5 Qe8 9. Re1 Na6 10. Nd4 Bd7 11. Rb1 Nc5 12. b4 Nce4 13. Nxe4 Nxe4 14. Qd3 c5 15. bxc5 Nxc5 16. Qe3 Rc8 17. Ne6 Nxe6 18. dxe6 Bc6 19. Bd5 Bxd5 20. cxd5 b6 21. Qa3 Rc7 22. Be3 Qa8 23. Red1 Rfc8 24. Qa6 Bc3 25. Rb3 Qb7 26. Qd3 Bf6 27. Bd2 Rc5 28. Bb4 Rc2 29. a3 Qc7 30. Qe3 Rc1 31. Rbd3 a5 32. Be1 Rxd1 33. Rxd1 Qc5 34. Qd3 Qc4 35. Kg2 Qxd3 36. Rxd3 Rc2 37. e3 Rb2 38. Kf3 h6 39. h4 g5 40. hxg5 hxg5 41. e4 fxe4+ 42. Kxe4 Re2+ 43. Re3 Rxe3+ 44. fxe3 a4 45. g4 Bb2 46. Bb4 Kg7 47. Kf5 Bc1 48. e4 Bf4 49. Bc3+ Kf8 50. e5 b5 51. exd6 Bxd6 52. Bb2 b4 53. axb4 Bxb4 54. Kxg5 a3 55. Ba1 Bd2+ 56. Kg6 Bc1 57. Bg7+ Ke8 0-1

[Event "Arctic Chess Challenge"]
[Site "Tromsoe"]
[Date "2010.07.31"]
[Round "1"]
[White "Eriksson, Magnus"]
[Black "Sandipan, Chanda"]
[Result "0-1"]
[WhiteElo "1823"]
[BlackElo "2637"]
[PlyCount "50"]
[EventDate "2010.07.31"]
[EventType "swiss"]
[EventRounds "9"]
[EventCountry "NOR"]
[SourceTitle "CBM 137 Extra"]
[Source "ChessBase"]
[SourceDate "2010.09.01"]
[SourceVersion "1"]
[SourceVersionDate "2010.09.01"]
[SourceQuality "1"]

1. d4 d5 2. c4 c6 3. Nc3 Nf6 4. Nf3 e6 5. e3 Nbd7 6. Qc2 Bd6 7. g4 h6 8. h3 b5 9. e4 b4 10. e5 bxc3 11. exd6 cxb2 12. Bxb2 Ne4 13. c5 Qa5+ 14. Nd2 Rb8 15. Rb1 0-0 16. h4 e5 17. f3 Nxd2 18. Qxd2 Qxa2 19. Bd3 exd4 20. Qc2 Nxc5 21. Bh7+ Kh8 22. Bxd4 Rxb1+ 23. Qxb1 Re8+ 24. Kf1 Qe2+ 25. Kg1 Qxf3 0-1

[Event "SWE-chT2 0910"]
[Site "Sweden"]
[Date "2010.03.14"]
[Round "9"]
[White "Eriksson, Magnus"]
[Black "Laksman, Efraim"]
[Result "1/2-1/2"]
[WhiteElo "2162"]
[BlackElo "2188"]
[PlyCount "59"]
[EventDate "2009.10.24"]
[EventType "team"]
[EventRounds "9"]
[EventCountry "SWE"]
[SourceTitle "EXT 2011"]
[Source "ChessBase"]
[SourceDate "2010.11.26"]
[SourceVersion "1"]
[SourceVersionDate "2010.11.26"]
[SourceQuality "1"]
[WhiteTeam "Horndal"]
[BlackTeam "Rodeby"]
[WhiteTeamCountry "SWE"]
[BlackTeamCountry "SWE"]

1. d4 Nf6 2. c4 g6 3. Nc3 Bg7 4. e4 d6 5. Be2 0-0 6. Bg5 h6 7. Be3 c5 8. d5 e6 9. Qd2 exd5 10. exd5 Kh7 11. h3 Na6 12. Bd3 Nc7 13. a4 Na6 14. Nf3 Nb4 15. Bb1 a6 16. 0-0 Nh5 17. g4 Nf6 18. Nh2 Nd7 19. f4 Nb6 20. Bd3 Nxd3 21. Qxd3 f5 22. Kg2 Bd7 23. b3 Nc8 24. Ra2 Ne7 25. Rd1 Qc8 26. Kg3 Ng8 27. Rg2 Kh8 28. Nf3 Ne7 29. g5 h5 30. Bd2 1/2-1/2

[Event "SWE-chT2 0910"]
[Site "Sweden"]
[Date "2010.03.13"]
[Round "8"]
[White "Eriksson, Magnus"]
[Black "Landgren, Andreas"]
[Result "0-1"]
[WhiteElo "2162"]
[BlackElo "2179"]
[PlyCount "76"]
[EventDate "2009.10.24"]
[EventType "team"]
[EventRounds "9"]
[EventCountry "SWE"]
[SourceTitle "EXT 2011"]
[Source "ChessBase"]
[SourceDate "2010.11.26"]
[SourceVersion "1"]
[SourceVersionDate "2010.11.26"]
[SourceQuality "1"]
[WhiteTeam "Horndal"]
[BlackTeam "Solna"]
[WhiteTeamCountry "SWE"]
[BlackTeamCountry "SWE"]

1. d4 Nf6 2. c4 g6 3. Nc3 d5 4. Nf3 Bg7 5. cxd5 Nxd5 6. Bg5 c5 7. Rc1 Nxc3 8. bxc3 Nc6 9. e3 h6 10. Bh4 0-0 11. Bd3 Be6 12. Qd2 Rc8 13. 0-0 Qd7 14. h3 Rfd8 15. Rfd1 a6 16. Qb2 Na5 17. Bg3 Bc4 18. Be5 Bxd3 19. Bxg7 Nc4 20. Qb3 Be2 21. Re1 Bxf3 22. gxf3 Nd2 23. Qd1 Qxh3 24. Qxd2 Kxg7 25. e4 cxd4 26. cxd4 Qxf3 27. Rb1 Qg4+ 28. Kh2 Qh5+ 29. Kg3 b5 30. f4 Qc5 31. Rec1 Qa3+ 32. Kg2 Rxc1 33. Rxc1 Qa4 34. Rd1 Rc8 35. Kf3 Rc2 36. Qe3 Rh2 37. Rg1 Rh3+ 38. Rg3 Qd1+ 0-1

[Event "SWE-chT2 0910"]
[Site "Sweden"]
[Date "2010.02.06"]
[Round "5"]
[White "Eriksson, Magnus"]
[Black "Garde, Gunnar"]
[Result "1-0"]
[WhiteElo "2162"]
[BlackElo "1880"]
[PlyCount "87"]
[EventDate "2009.10.24"]
[EventType "team"]
[EventRounds "9"]
[EventCountry "SWE"]
[SourceTitle "EXT 2011"]
[Source "ChessBase"]
[SourceDate "2010.11.26"]
[SourceVersion "1"]
[SourceVersionDate "2010.11.26"]
[SourceQuality "1"]
[WhiteTeam "Horndal"]
[BlackTeam "Stockholm Rockaden II"]
[WhiteTeamCountry "SWE"]
[BlackTeamCountry "SWE"]

1. d4 d5 2. c4 c6 3. Nc3 Nf6 4. Nf3 g6 5. e3 Bg7 6. Bd3 0-0 7. h3 a6 8. a4 Nbd7 9. b4 Re8 10. Bb2 dxc4 11. Bxc4 Nb6 12. Bd3 Nbd5 13. Nxd5 cxd5 14. 0-0 Be6 15. Ng5 Bd7 16. Qe2 h6 17. Nf3 Be6 18. Rfc1 Ne4 19. Ne1 f5 20. Nf3 Kh7 21. Ne5 Rg8 22. Rc2 Nd6 23. Rac1 Bxe5 24. dxe5 Nc4 25. Bd4 b5 26. axb5 axb5 27. Ra2 Qd7 28. Rca1 Qb7 29. Kh2 Bd7 30. g4 e6 31. h4 Rxa2 32. Qxa2 h5 33. gxf5 gxf5 34. Qe2 Kh6 35. Ra7 Qc8 36. f3 Qd8 37. Qf2 Rg6 38. Kh3 Qe8 39. Qh2 Kh7 40. Qf4 Kg8 41. Be2 Bc6 42. e4 Qf8 43. exf5 exf5 44. Bd3 1-0

[Event "SWE-chT2 0910"]
[Site "Sweden"]
[Date "2010.01.16"]
[Round "4"]
[White "Eriksson, Magnus"]
[Black "Bergre, Joachim"]
[Result "1-0"]
[WhiteElo "2162"]
[BlackElo "2130"]
[PlyCount "61"]
[EventDate "2009.10.24"]
[EventType "team"]
[EventRounds "9"]
[EventCountry "SWE"]
[SourceTitle "EXT 2011"]
[Source "ChessBase"]
[SourceDate "2010.11.26"]
[SourceVersion "1"]
[SourceVersionDate "2010.11.26"]
[SourceQuality "1"]
[WhiteTeam "Horndal"]
[BlackTeam "Manhem II"]
[WhiteTeamCountry "SWE"]
[BlackTeamCountry "SWE"]

1. d4 g6 2. c4 Bg7 3. Nc3 d6 4. e4 Nd7 5. Be2 e5 6. d5 Ne7 7. g4 0-0 8. g5 f5 9. gxf6 Nxf6 10. Bg5 h6 11. Be3 b6 12. h3 Kh7 13. Qd2 Neg8 14. 0-0-0 Nd7 15. Bd3 Ngf6 16. Nge2 Nh5 17. Rdg1 Qf6 18. Nb5 Nc5 19. Nxc7 Rb8 20. Bc2 Rb7 21. Nb5 a6 22. Nbc3 Rc7 23. Kb1 Nd7 24. b3 Rb7 25. h4 b5 26. cxb5 axb5 27. Ng3 Nxg3 28. Rxg3 b4 29. Na4 Rf7 30. Rh2 Nf8 31. Bg5 1-0

[Event "Politiken Cup 31st"]
[Site "Helsingor"]
[Date "2009.07.22"]
[Round "6"]
[White "Eriksson, Magnus"]
[Black "Andersen, Rune Egede"]
[Result "1/2-1/2"]
[WhiteElo "2160"]
[BlackElo "2026"]
[PlyCount "27"]
[EventDate "2009.07.18"]
[EventType "swiss"]
[EventRounds "10"]
[EventCountry "DEN"]
[SourceTitle "CBM 131 Extra"]
[Source "ChessBase"]
[SourceDate "2009.09.03"]
[SourceVersion "2"]
[SourceVersionDate "2009.09.16"]
[SourceQuality "1"]

1. d4 d5 2. c4 dxc4 3. e4 e5 4. Nf3 exd4 5. Bxc4 Nc6 6. 0-0 Be6 7. Bb5 Bc5 8. Qc2 Bb6 9. Bxc6+ bxc6 10. Qxc6+ Bd7 11. Qc4 Be6 12. Qc6+ Bd7 13. Qc4 Be6 14. Qc6+ 1/2-1/2

[Event "Politiken Cup 31st"]
[Site "Helsingor"]
[Date "2009.07.19"]
[Round "3"]
[White "Greeuw, Sietske"]
[Black "Eriksson, Magnus"]
[Result "0-1"]
[WhiteElo "1968"]
[BlackElo "2160"]
[PlyCount "70"]
[EventDate "2009.07.18"]
[EventType "swiss"]
[EventRounds "10"]
[EventCountry "DEN"]
[SourceTitle "CBM 131 Extra"]
[Source "ChessBase"]
[SourceDate "2009.09.03"]
[SourceVersion "2"]
[SourceVersionDate "2009.09.16"]
[SourceQuality "1"]

1. d4 Nf6 2. Bg5 e6 3. e4 h6 4. Bxf6 Qxf6 5. c3 d6 6. Bd3 Nd7 7. Ne2 e5 8. Nd2 c6 9. Qc2 b5 10. 0-0 g5 11. b4 Nb6 12. Nb3 Bd7 13. Ng3 Be7 14. Rae1 0-0 15. Qe2 Rfe8 16. d5 a6 17. Nh5 Qg6 18. Na5 cxd5 19. Ng3 Rac8 20. exd5 f5 21. c4 e4 22. Nxe4 fxe4 23. Bxe4 Bf5 24. Bxf5 Qxf5 25. Qh5 Qf7 26. Qxh6 Bf6 27. Re3 Nxc4 28. Nxc4 bxc4 29. Rf3 Rf8 30. h4 Qg7 31. hxg5 Qxh6 32. gxh6 c3 33. Rc1 c2 34. Rb3 Kh7 35. f4 Bd4+ 0-1

[Event "Pardubice op-B1"]
[Site "Pardubice"]
[Date "2006.07.29"]
[Round "9"]
[White "Umanec, Filip"]
[Black "Eriksson, Magnus"]
[Result "1-0"]
[WhiteElo "2119"]
[BlackElo "2179"]
[PlyCount "51"]
[EventDate "2006.07.21"]
[EventType "swiss"]
[EventRounds "9"]
[EventCountry "CZE"]
[SourceTitle "CBM 113 Extra"]
[Source "ChessBase"]
[SourceDate "2006.09.14"]
[SourceVersion "1"]
[SourceVersionDate "2006.09.14"]
[SourceQuality "1"]

1. e4 e6 2. d4 d5 3. Nc3 Bb4 4. Nge2 Nc6 5. e5 Nge7 6. Ng3 Ng6 7. a3 Ba5 8. Be3 Qh4 9. Qd2 0-0 10. 0-0-0 h6 11. f4 Bxc3 12. Qxc3 Nxf4 13. Ne2 Nxe2+ 14. Bxe2 f5 15. exf6 Rxf6 16. Kb1 Bd7 17. g4 Re8 18. g5 hxg5 19. Qd2 Rf5 20. Bd3 Rf3 21. Rhg1 e5 22. Bxg5 Qf2 23. Bh6 Qxd2 24. Rxg7+ Kh8 25. Rh7+ Kg8 26. Rg1+ 1-0

[Event "EU-Cup 19th"]
[Site "Rethymno"]
[Date "2003.09.30"]
[Round "3.4"]
[White "Nedela, Vlastimil"]
[Black "Eriksson, Magnus"]
[Result "0-1"]
[WhiteElo "2381"]
[BlackElo "2322"]
[PlyCount "110"]
[EventDate "2003.09.28"]
[EventType "team-swiss"]
[EventRounds "7"]
[EventCountry "GRE"]
[SourceTitle "CBM 098"]
[Source "ChessBase"]
[SourceDate "2004.02.03"]
[SourceVersion "1"]
[SourceVersionDate "2004.02.03"]
[SourceQuality "1"]
[WhiteTeam "Trinec"]
[BlackTeam "Malmo Linhams"]
[WhiteTeamCountry "CZE"]
[BlackTeamCountry "SWE"]

1. e4 c5 2. Nf3 e6 3. d3 d5 4. Nbd2 Nf6 5. g3 b6 6. Bg2 dxe4 7. dxe4 Bb7 8. e5 Nd5 9. 0-0 Nd7 10. Re1 Rc8 11. Bf1 h6 12. c3 a6 13. a4 Be7 14. Qb3 g5 15. h3 Rg8 16. Bg2 Bc6 17. Nc4 Rb8 18. Qc2 Rg6 19. Nfd2 b5 20. axb5 axb5 21. Ne3 Nxe3 22. Rxe3 Bxg2 23. Kxg2 Ra8 24. Rxa8 Qxa8+ 25. f3 h5 26. g4 hxg4 27. hxg4 Rh6 28. c4 b4 29. Qe4 Qxe4 30. Rxe4 Bd8 31. b3 Ke7 32. Bb2 Rh8 33. Re2 Re8 34. Kf2 Nb8 35. Ne4 Nc6 36. Ke3 Rh8 37. Nd2 Rh1 38. Ke4 Kd7 39. f4 gxf4 40. Kxf4 Rh3 41. Nf3 Na5 42. Rd2+ Kc7 43. Rd3 Rh1 44. Nd2 Rd1 45. Ke4 Kc6 46. Nf3 Rxd3 47. Kxd3 Nxb3 48. Kc2 Na5 49. Kd3 Kb6 50. Ba1 Nb3 51. Bb2 Ka5 52. Kc2 Kb6 53. Kd3 Na5 54. Nd2 Be7 55. Kc2 Bh4 0-1

[Event "EU-Cup 19th"]
[Site "Rethymno"]
[Date "2003.09.28"]
[Round "1.5"]
[White "Eriksson, Magnus"]
[Black "Georgiev, Kiril"]
[Result "1/2-1/2"]
[WhiteElo "2322"]
[BlackElo "2637"]
[PlyCount "77"]
[EventDate "2003.09.28"]
[EventType "team-swiss"]
[EventRounds "7"]
[EventCountry "GRE"]
[SourceTitle "CBM 098"]
[Source "ChessBase"]
[SourceDate "2004.02.03"]
[SourceVersion "1"]
[SourceVersionDate "2004.02.03"]
[SourceQuality "1"]
[WhiteTeam "Malmo Linhams"]
[BlackTeam "Sarajevo Bosna"]
[WhiteTeamCountry "SWE"]
[BlackTeamCountry "BIH"]

1. d4 Nf6 2. c4 e6 3. Nc3 Bb4 4. Nf3 b6 5. g3 Bb7 6. Bg2 Bxc3+ 7. bxc3 0-0 8. 0-0 Nc6 9. Bg5 d6 10. Nd2 h6 11. Bxf6 Qxf6 12. Qa4 Na5 13. Bxb7 Nxb7 14. Qc6 Na5 15. Qxc7 Qd8 16. Qxd8 Rfxd8 17. Rfb1 Rac8 18. Rb4 Rc7 19. Ra4 Rdc8 20. c5 dxc5 21. Nb3 Nxb3 22. axb3 cxd4 23. Rxd4 Kf8 24. c4 Ke7 25. Rad1 g5 26. h4 a5 27. Kg2 Rb8 28. hxg5 hxg5 29. Rh1 b5 30. cxb5 Rxb5 31. Ra4 Rcc5 32. Rb1 Rd5 33. b4 Rb7 34. b5 Rbxb5 35. Rba1 Rdc5 36. R1a2 Kd6 37. e3 Kc6 38. g4 Kb6 39. Kf3 1/2-1/2

[Event "Politiken Cup 24th"]
[Site "Copenhagen"]
[Date "2002.07.24"]
[Round "9"]
[White "Jensen, Allan Astrup"]
[Black "Eriksson, Magnus"]
[Result "1/2-1/2"]
[WhiteElo "2205"]
[BlackElo "2010"]
[PlyCount "61"]
[EventDate "2002.07.15"]
[EventType "swiss"]
[EventRounds "11"]
[EventCountry "DEN"]
[SourceTitle "CBM 089 Extra"]
[Source "ChessBase"]
[SourceDate "2002.09.10"]
[SourceVersion "2"]
[SourceVersionDate "2002.09.10"]
[SourceQuality "1"]

1. e4 c5 2. Nc3 Nc6 3. f4 g6 4. Nf3 Bg7 5. Bc4 e6 6. 0-0 Nge7 7. e5 d5 8. exd6 Qxd6 9. Ne4 Qc7 10. Kh1 b6 11. d3 0-0 12. Qe1 Nd4 13. Nxd4 cxd4 14. Qh4 Nf5 15. Nf6+ Bxf6 16. Qxf6 Bb7 17. c3 Qd8 18. Qxd8 Rfxd8 19. Kg1 h5 20. g3 Rac8 21. Bd2 dxc3 22. Bxc3 Ne3 23. Rfc1 Nxc4 24. dxc4 Rxc4 25. Bf6 Rdc8 26. Rxc4 Rxc4 27. Rd1 Bd5 28. Bc3 Kf8 29. Kf2 Ke7 30. a3 Kd6 31. Rd4 1/2-1/2